Anagrammes ou presque : les capitales du monde (click quiz) - Statistiques

Statistiques générales
  • Ce quiz a été pris 45 fois
  • Le résultat moyen est 7 sur 8
Statistiques - réponses
Hint Réponse % Correct
Ravaliez Brazzaville
98%
Procuraient Port-au-Prince
98%
Dénivellerai Andorre-la-Vieille
95%
Gouda Ouagadougou
95%
Abbadides Addis-Abeba
93%
Barbadiennes Bandar-Seri-Begawan
85%
Amoroso Yamoussoukro
85%
Ralluma Kuala Lumpur
80%
Aucun quiz correspondant
Distribution des résultats
% des personnes avec chaque résultat
Percentile par nombre de réponses
Votre historique - résultats
Vous n’avez pas pris ce quiz